00793nam a2200193 a 450000100100000000500170001000800410002702000150006804000250008308200140010810000290012224501840015126000470033530000210038270000340040370000320043795201130046999900170058200003712720200930080146.0120216s1980 sp 000 0 spa d a8432303925 aDO-SdBNPbspacBNPHU axxxxbE921 aEvans, Richard J.96353614aLas feministas :blos movimientos de emancipación de la mujer en Europa, América y Australasia, 1840-1920 /cRichard J. Evans; traducción de Barbara McShane y Javier Alfaya. aMadrid :bSiglo Veintiuno editores,c1980. a314 p. ;c22 cm.1 aMcShane, Barbara,etr.9189191 aAlfaya, Javier,etr.918918 0010507-18MOaGRbGRcOId2012-02-16iLF1l0oxxxx E92p37127-10r2020-06-25w2020-06-25y1ZNo se presta c36617d36617